00565nam a2200157 a 450000100100000000500170001000800410002704000250006808200160009324501010010926000380021030000190024804900090026795201140027699900170039000003034420200930062250.0110510s1990 dr 000 0 spa d aDO-SdBNPbspacBNPHU axxxxbD291e00aDecálogo educativo :bpropuesta de 10 metas nacionales a ser logradas en la presente década. aSanto Domingo :b[ s. n.],c1990. a8 p. ;c21 cm. aBNPD 0010718PDaPDbPDcCTd2011-05-10iLF1l0oxxxx D291ep30344-10r2020-06-25w2020-06-25yLFPDZNo se presta c29836d29836